| 000 | 00364 a2200169 4500 | ||
|---|---|---|---|
| 001 | 183368 | ||
| 020 | _a85-08-04476-3 | ||
| 040 | _cMagnum | ||
| 100 | _aRocha, Ruth | ||
| 240 | 1 | 0 |
_aO trenzinho do Nicolau _lpor |
| 245 | 1 | 0 | _aO trenzinho do Nicolau |
| 300 | _a | ||
| 362 | 0 | _a2002 | |
| 440 | 1 | _aÁtica | |
| 697 | _aLITERATURA INFANTO-JUVENIL | ||
| 942 | _cBK | ||
| 999 |
_c183368 _d183368 |
||